Educational psychology : (Record no. 3975)

MARC details
000 -LEADER
fixed length control field 01270cam a2200337 a 4500
001 - CONTROL NUMBER
control field 17253069
003 - CONTROL NUMBER IDENTIFIER
control field 20170116084458.0
005 - DATE AND TIME OF LATEST TRANSACTION
control field 20240606080925.0
008 - FIXED-LENGTH DATA ELEMENTS--GENERAL INFORMATION
fixed length control field 120412s2012 njua b 001 0 eng
010 ## - LIBRARY OF CONGRESS CONTROL NUMBER
LC control number 2012372360
020 ## - INTERNATIONAL STANDARD BOOK NUMBER
International Standard Book Number 9781118076132
020 ## - INTERNATIONAL STANDARD BOOK NUMBER
International Standard Book Number 9781118129159 (BRV)
040 ## - CATALOGING SOURCE
Original cataloging agency DLC
Transcribing agency DLC
Modifying agency DLC
042 ## - AUTHENTICATION CODE
Authentication code pcc
050 00 - LIBRARY OF CONGRESS CALL NUMBER
Classification number LB1051
Item number .O343 2012
082 00 - DEWEY DECIMAL CLASSIFICATION NUMBER
Classification number 370.15
Edition information 23
100 1# - MAIN ENTRY--PERSONAL NAME
Personal name O'Donnell, Angela M.
245 10 - TITLE STATEMENT
Title Educational psychology :
Remainder of title reflection for action /
250 ## - EDITION STATEMENT
Edition statement 3rd ed.
260 ## - PUBLICATION, DISTRIBUTION, ETC.
Place of publication, distribution, etc. Hoboken, NJ :
Name of publisher, distributor, etc. John Wiley & Sons,
Date of publication, distribution, etc. 2009.
300 ## - PHYSICAL DESCRIPTION
Extent xxxiv, 638 p. :
Other physical details ill. (chiefly col.) ;
Dimensions 28 cm.
504 ## - BIBLIOGRAPHY, ETC. NOTE
Bibliography, etc. note Includes bibliographical references (p. 541-573) and indexes.
650 #0 - SUBJECT ADDED ENTRY--TOPICAL TERM
Topical term or geographic name entry element Educational psychology
Form subdivision Textbooks.
700 1# - ADDED ENTRY--PERSONAL NAME
Personal name Reeve, Johnmarshall.
700 1# - ADDED ENTRY--PERSONAL NAME
Personal name Smith, Jeffrey K.
856 42 - ELECTRONIC LOCATION AND ACCESS
Materials specified Publisher description
Uniform Resource Identifier <a href="http://www.loc.gov/catdir/enhancements/fy1210/2012372360-d.html">http://www.loc.gov/catdir/enhancements/fy1210/2012372360-d.html</a>
856 41 - ELECTRONIC LOCATION AND ACCESS
Materials specified Table of contents only
Uniform Resource Identifier <a href="http://www.loc.gov/catdir/enhancements/fy1210/2012372360-t.html">http://www.loc.gov/catdir/enhancements/fy1210/2012372360-t.html</a>
906 ## - LOCAL DATA ELEMENT F, LDF (RLIN)
a 7
b cbc
c origres
d 2
e ncip
f 20
g y-gencatlg
942 ## - ADDED ENTRY ELEMENTS (KOHA)
Source of classification or shelving scheme Library of Congress Classification
Koha item type Books
Holdings
Withdrawn status Lost status Source of classification or shelving scheme Damaged status Not for loan Home library Current library Date acquired Total checkouts Full call number Barcode Date last seen Price effective from Koha item type
    Library of Congress Classification     Murang'a University of Technology Library Murang'a University of Technology Library 16/01/2017   LB1051 .O343 2012 004279 30/08/2024 16/01/2017 Books